[Event "103 ème open FIDE Club 608"]
[Site "Paris"]
[Date "2008.08.11"]
[Round "2.6"]
[White "Lao, Lenath"]
[Black "Piankov, Evgenij"]
[Result "0-1"]
[WhiteElo "1997"]
[BlackElo "2337"]
[PlyCount "50"]
[EventDate "2008.08.06"]
[EventRounds "9"]
[EventCountry "FRA"]
[SourceDate "2008.08.06"]

1. c4 c6 2. Nf3 d5 3. b3 Nf6 4. Bb2 Bg4 5. e3 e6 6. Be2 Bd6 7. d4 O-O 8. O-O
Ne4 9. Nc3 f5 10. Ne5 Bxe2 11. Nxe2 Nd7 12. Nxd7 Qxd7 13. Ng3 Nxg3 14. hxg3 b5
15. cxd5 cxd5 16. Rc1 a5 17. Qd3 a4 18. Rc2 axb3 19. Qxb3 Ra4 20. Rfc1 Rb4 21.
Qd3 Rc4 22. a4 Rxa4 23. Rc6 Rc4 24. R6xc4 bxc4 25. Qd2 Ra8 0-1

[Event "103 ème open FIDE Club 608"]
[Site "Paris"]
[Date "2008.08.08"]
[Round "3.1"]
[White "Nguyen Thanh Tong"]
[Black "Vallejo Pons, Francisco"]
[Result "0-1"]
[WhiteElo "2307"]
[BlackElo "2650"]
[PlyCount "66"]
[EventDate "2008.08.06"]
[EventRounds "9"]
[EventCountry "FRA"]
[SourceDate "2008.08.06"]

1. d4 d6 2. Nf3 g6 3. c4 Bg7 4. Nc3 Nf6 5. e4 O-O 6. Be2 Na6 7. O-O e5 8. d5
Nc5 9. Bg5 h6 10. Bxf6 Bxf6 11. b4 Nd7 12. Rc1 Be7 13. Nd2 f5 14. Rc2 Nf6 15.
Kh1 f4 16. Nb3 Rf7 17. c5 Bf8 18. g4 h5 19. gxh5 gxh5 20. Rg1+ Kh8 21. f3 h4
22. Rg5 Bh6 23. Rg6 Kh7 24. Qg1 Nh5 25. cxd6 cxd6 26. Nb5 Ng3+ 27. hxg3 Kxg6
28. gxf4+ Kh7 29. fxe5 dxe5 30. d6 Rg7 31. Qf2 Qb6 32. Rc5 Bd7 33. Qxh4 Rag8
0-1

[Event "103 ème open FIDE Club 608"]
[Site "Paris"]
[Date "2008.08.11"]
[Round "2.3"]
[White "Guliyev, Namig"]
[Black "Gidel, Jean Louis"]
[Result "1-0"]
[WhiteElo "2510"]
[BlackElo "2158"]
[PlyCount "95"]
[EventDate "2008.08.06"]
[EventRounds "9"]
[EventCountry "FRA"]
[SourceDate "2008.08.06"]

1. e4 g6 2. d4 Bg7 3. Nf3 c6 4. Nc3 d5 5. h3 dxe4 6. Nxe4 Nd7 7. Bc4 Ngf6 8.
Nxf6+ Nxf6 9. O-O O-O 10. Re1 b6 11. Bf4 Bb7 12. Qd2 e6 13. Rad1 Re8 14. Ne5
Nd5 15. Bh6 f6 16. Nd3 Qd6 17. Bb3 Rad8 18. c4 Bxh6 19. Qxh6 Nc7 20. c5 Qf8 21.
Qf4 Qf7 22. Re4 Kg7 23. Qg3 Nd5 24. Rde1 Ba6 25. Nf4 Nxf4 26. Qxf4 Bc8 27. Qe3
Kf8 28. Bxe6 Bxe6 29. Rxe6 bxc5 30. dxc5 a5 31. b3 Rxe6 32. Qxe6 Re8 33. Qd6+
Kg7 34. Rxe8 Qxe8 35. Qc7+ Kh6 36. Qxa5 Qe5 37. Qd2+ g5 38. b4 Kg6 39. Qd3+ Kh6
40. Qf3 Kg6 41. a3 h5 42. g3 Qe6 43. Qd3+ Kg7 44. Kg2 g4 45. hxg4 hxg4 46. a4
Kf7 47. a5 f5 48. a6 1-0

[Event "103 ème open FIDE Club 608"]
[Site "Paris"]
[Date "2008.08.10"]
[Round "3.3"]
[White "Trommsdorf, Fro"]
[Black "Shirazi, Kamran G"]
[Result "0-1"]
[WhiteElo "2125"]
[BlackElo "2440"]
[PlyCount "38"]
[EventDate "2008.08.06"]
[EventRounds "9"]
[EventCountry "FRA"]
[SourceDate "2008.08.06"]

1. d4 Nf6 2. Nf3 g6 3. c4 d6 4. Nc3 Bf5 5. g3 Ne4 6. Nd2 Nxc3 7. bxc3 e5 8. Bg2
Nc6 9. Nb3 Qc8 10. O-O Bh3 11. e4 h5 12. Re1 h4 13. Bh1 hxg3 14. hxg3 Qd7 15.
Qe2 f6 16. Be3 Qh7 17. f3 exd4 18. cxd4 f5 19. Bg5 Bf1 0-1

[Event "103 ème open FIDE Club 608"]
[Site "Paris"]
[Date "2008.08.11"]
[Round "2.2"]
[White "Shirazi, Kamran G"]
[Black "Pass, Deborah"]
[Result "1-0"]
[WhiteElo "2440"]
[BlackElo "2012"]
[PlyCount "61"]
[EventDate "2008.08.06"]
[EventRounds "9"]
[EventCountry "FRA"]
[SourceDate "2008.08.06"]

1. e4 d5 2. exd5 Nf6 3. Bb5+ Nbd7 4. c4 a6 5. Bxd7+ Bxd7 6. d4 e6 7. dxe6 Bb4+
8. Bd2 Qe7 9. Qe2 Bxe6 10. d5 Bxd2+ 11. Nxd2 Bf5 12. f3 Bd3 13. Qxe7+ Kxe7 14.
Rc1 Rhe8 15. Rc3 Kd7+ 16. Kf2 Bg6 17. Ne2 b5 18. Nf4 bxc4 19. Nxc4 Rab8 20. h4
Bf5 21. Ra3 Ne4+ 22. fxe4 Rxe4 23. Ne3 Rxf4+ 24. Kg3 Rbb4 25. Rc3 g6 26. Rhc1
Rfe4 27. Rxc7+ Kd8 28. Nxf5 gxf5 29. b3 Rg4+ 30. Kh2 Rxh4+ 31. Kg1 1-0

[Event "103 ème open FIDE Club 608"]
[Site "Paris"]
[Date "2008.08.11"]
[Round "3.4"]
[White "Debray, Christopher"]
[Black "Gouanelle, Franck"]
[Result "1-0"]
[WhiteElo "2375"]
[BlackElo "2120"]
[PlyCount "65"]
[EventDate "2008.08.06"]
[EventRounds "9"]
[EventCountry "FRA"]
[SourceDate "2008.08.06"]

1. e4 c5 2. Nf3 e6 3. d4 cxd4 4. Nxd4 Nc6 5. Nc3 a6 6. Be2 Qc7 7. Be3 Nf6 8. f4
d6 9. O-O Be7 10. a4 O-O 11. Nb3 Nb4 12. Bf3 d5 13. exd5 Nfxd5 14. Nxd5 Nxd5
15. Bxd5 Rd8 16. Qe2 Rxd5 17. c4 Rd8 18. a5 Re8 19. Bb6 Qb8 20. Rad1 Bf6 21.
Nc5 g6 22. Ne4 Bg7 23. Bd4 e5 24. Bxe5 Bxe5 25. fxe5 Rxe5 26. Nf6+ Kg7 27. Qf2
Qa7 28. Qxa7 Rxa7 29. Rd8 Bf5 30. Ne8+ Kf8 31. Nd6+ Ke7 32. Re8+ Kf6 33. Ne4+
1-0

[Event "103 ème open FIDE Club 608"]
[Site "Paris"]
[Date "2008.08.11"]
[Round "5.3"]
[White "Laurent, Dominique"]
[Black "Goldsztejn, Gildas"]
[Result "0-1"]
[WhiteElo "1994"]
[BlackElo "2374"]
[PlyCount "64"]
[EventDate "2008.08.06"]
[EventRounds "9"]
[EventCountry "FRA"]
[SourceDate "2008.08.06"]

1. e4 c5 2. Nf3 Nc6 3. Bc4 e6 4. c3 d6 5. O-O Nf6 6. Re1 Be7 7. d4 O-O 8. Nbd2
cxd4 9. cxd4 d5 10. Bd3 dxe4 11. Nxe4 Nxd4 12. Bg5 Nxe4 13. Bxe7 Nxf3+ 14. Qxf3
Qxe7 15. Rxe4 Bd7 16. Qh5 h6 17. Rae1 Qf6 18. Re5 Bc6 19. R1e3 Rad8 20. Qe2 Rd5
21. Rxd5 Bxd5 22. Qc2 Rd8 23. a3 Bc6 24. h3 Rd4 25. b4 a6 26. Bxa6 bxa6 27.
Qxc6 Rd1+ 28. Kh2 Qf4+ 29. Rg3 Qxf2 30. Rf3 Qg1+ 31. Kg3 Qe1+ 32. Kh2 Qe5+ 0-1

[Event "103 ème open FIDE Club 608"]
[Site "Paris"]
[Date "2008.08.10"]
[Round "3.6"]
[White "Piankov, Evgenij"]
[Black "Robert, Frederic"]
[Result "1-0"]
[WhiteElo "2337"]
[BlackElo "2100"]
[PlyCount "91"]
[EventDate "2008.08.06"]
[EventRounds "9"]
[EventCountry "FRA"]
[SourceDate "2008.08.06"]

1. d4 e6 2. Nf3 f5 3. g3 Nf6 4. Bg2 Be7 5. O-O O-O 6. c4 Qe8 7. Nc3 d6 8. Re1
Qg6 9. e4 Nxe4 10. Nxe4 fxe4 11. Rxe4 Nc6 12. Re1 Bf6 13. Be3 e5 14. dxe5 Nxe5
15. Nxe5 Bxe5 16. c5 Qf6 17. cxd6 cxd6 18. Re2 Kh8 19. Qb3 Bg4 20. Rd2 Bf3 21.
Bxf3 Qxf3 22. Qd1 Qf6 23. Rb1 Qe6 24. b3 Rfd8 25. Qe2 Bf6 26. Rbd1 d5 27. Qf3
b6 28. Rxd5 Rxd5 29. Qxd5 Qxd5 30. Rxd5 Rd8 31. Rxd8+ Bxd8 32. Kg2 Kg8 33. Kf3
Kf7 34. Ke4 Ke6 35. f4 g6 36. Bd4 h5 37. h3 a6 38. Be5 b5 39. g4 hxg4 40. hxg4
a5 41. f5+ gxf5+ 42. gxf5+ Kf7 43. Kd5 b4 44. Kc6 a4 45. bxa4 Ke8 46. Bc7 1-0

[Event "103 ème open FIDE Club 608"]
[Site "Paris"]
[Date "2008.08.10"]
[Round "4.1"]
[White "Vallejo Pons, Francisco"]
[Black "Debray, Christopher"]
[Result "1-0"]
[WhiteElo "2650"]
[BlackElo "2378"]
[PlyCount "39"]
[EventDate "2008.08.06"]
[EventRounds "9"]
[EventCountry "FRA"]
[SourceDate "2008.08.06"]

1. c4 c5 2. Nf3 g6 3. d4 Bg7 4. e4 cxd4 5. Nxd4 Nc6 6. Be3 Nh6 7. Nc3 O-O 8.
Be2 f5 9. exf5 Bxd4 10. Bxh6 Rxf5 11. O-O Qb6 12. Nd5 Bxf2+ 13. Kh1 Qxb2 14.
Bf3 Rb8 15. Rb1 Qd4 16. Qe2 Bh4 17. g3 Bf6 18. g4 Re5 19. Nxf6+ exf6 20. Bd5+
1-0

[Event "103 ème open FIDE Club 608"]
[Site "Paris"]
[Date "2008.08.11"]
[Round "4.2"]
[White "Goldsztejn, Gildas"]
[Black "Guliyev, Namig"]
[Result "1-0"]
[WhiteElo "2374"]
[BlackElo "2510"]
[PlyCount "90"]
[EventDate "2008.08.06"]
[EventRounds "9"]
[EventCountry "FRA"]
[SourceDate "2008.08.06"]

1. e4 c5 2. Nf3 d6 3. d4 cxd4 4. Nxd4 Nf6 5. Nc3 Nc6 6. Bg5 e6 7. Qd2 a6 8.
O-O-O Bd7 9. f4 b5 10. Bxf6 gxf6 11. f5 Nxd4 12. Qxd4 Bh6+ 13. Kb1 Bf4 14. fxe6
fxe6 15. Be2 O-O 16. Bg4 Rc8 17. Qd3 Qe7 18. Ne2 Be5 19. Nd4 Rc4 20. Nf3 Bc8
21. Nxe5 dxe5 22. Qd6 Qxd6 23. Rxd6 f5 24. Bf3 fxe4 25. b3 Rd4 26. Rxd4 exd4
27. Bxe4 Rf2 28. Rd1 e5 29. c3 Bg4 30. Rd3 Rf4 31. Bd5+ Kg7 32. Kb2 Rf2+ 33.
Ka3 Bf5 34. Rg3+ Kf6 35. cxd4 exd4 36. Rf3 Rxf3 37. Bxf3 Ke5 38. g3 d3 39. Kb2
Kd4 40. b4 Ke3 41. Bh5 Bh3 42. Kc1 d2+ 43. Kc2 Bf1 44. Bd1 Bd3+ 45. Kc3 Be2 1-0

[Event "103 ème open FIDE Club 608"]
[Site "Paris"]
[Date "2008.08.11"]
[Round "4.3"]
[White "Shirazi, Kamran G"]
[Black "Piankov, Evgenij"]
[Result "1-0"]
[WhiteElo "2440"]
[BlackElo "2337"]
[PlyCount "101"]
[EventDate "2008.08.06"]
[EventRounds "9"]
[EventCountry "FRA"]
[SourceDate "2008.08.06"]

1. e4 g6 2. h4 h5 3. Nc3 Bg7 4. Bc4 c6 5. d4 d6 6. Be3 Nf6 7. Bb3 d5 8. Qd3 Be6
9. Nge2 Nxe4 10. Nxe4 dxe4 11. Qxe4 Bd5 12. Qd3 Bxb3 13. axb3 e6 14. Bg5 Bf6
15. Bxf6 Qxf6 16. Qg3 Na6 17. c3 O-O 18. Nf4 Qf5 19. b4 e5 20. dxe5 Qxe5+ 21.
Kf1 Rfe8 22. Kg1 Nc7 23. Nxh5 Qxh5 24. Qxc7 Re2 25. Rh3 Rae8 26. Ra5 b5 27.
Rxa7 Qd5 28. Rd3 Qb3 29. Rd7 Qc4 30. Rd4 Qe6 31. Rf4 Rf8 32. Qd7 Qe5 33. Qd4
Qb8 34. Rd7 Re1+ 35. Kh2 Rd1 36. Qxd1 Qxf4+ 37. Kg1 Qxh4 38. Qf3 Qg5 39. g3 c5
40. bxc5 Qxc5 41. Qd5 Qxd5 42. Rxd5 Rb8 43. b4 Rc8 44. Rc5 Rxc5 45. bxc5 Kf8
46. Kf1 Ke7 47. Ke2 Kd7 48. Ke3 Kc6 49. Kd4 f6 50. f3 f5 51. f4 1-0

[Event "103 ème open FIDE Club 608"]
[Site "Paris"]
[Date "2008.08.11"]
[Round "4.4"]
[White "Fayard, Alain"]
[Black "Lavabre, Fabien"]
[Result "1/2-1/2"]
[WhiteElo "2276"]
[BlackElo "2236"]
[PlyCount "58"]
[EventDate "2008.08.06"]
[EventRounds "9"]
[EventCountry "FRA"]
[SourceDate "2008.08.06"]

1. d4 Nf6 2. c4 g6 3. Nc3 d5 4. cxd5 Nxd5 5. e4 Nxc3 6. bxc3 Bg7 7. Bc4 c5 8.
Ne2 O-O 9. O-O Nc6 10. Be3 Qc7 11. Rb1 cxd4 12. cxd4 Nxd4 13. Bxf7+ Rxf7 14.
Nxd4 Qe5 15. Qc2 Qh5 16. Qc4 b6 17. Qc6 Rb8 18. Rb5 e5 19. Ne6 Ba6 20. Ng5 Qe2
21. Qd5 Bxb5 22. Qxf7+ Kh8 23. Rc1 Rd8 24. h3 Rd1+ 25. Rxd1 Qxd1+ 26. Kh2 Qd7
27. Qb3 h6 28. Ne6 Ba4 29. Qd5 Bc6 1/2-1/2

[Event "103 ème open FIDE Club 608"]
[Site "Paris"]
[Date "2008.08.11"]
[Round "5.1"]
[White "Guliyev, Namig"]
[Black "Vallejo Pons, Francisco"]
[Result "1/2-1/2"]
[WhiteElo "2510"]
[BlackElo "2650"]
[PlyCount "34"]
[EventDate "2008.08.06"]
[EventRounds "9"]
[EventCountry "FRA"]
[SourceDate "2008.08.06"]

1. e4 e6 2. d4 d5 3. Nc3 Nf6 4. e5 Nfd7 5. f4 c5 6. Nf3 Qb6 7. Be3 a6 8. a3 Nc6
9. Be2 h6 10. dxc5 Bxc5 11. Na4 Qa5+ 12. b4 Qxa4 13. bxc5 g5 14. fxg5 hxg5 15.
Bxg5 Nxc5 16. Bf6 Rg8 17. O-O Ne4 {(1h)} 1/2-1/2

[Event "103 ème open FIDE Club 608"]
[Site "Paris"]
[Date "2008.08.11"]
[Round "6.2"]
[White "Debray, Christopher"]
[Black "Shirazi, Kamran G"]
[Result "1-0"]
[WhiteElo "2375"]
[BlackElo "2440"]
[PlyCount "97"]
[EventDate "2008.08.06"]
[EventRounds "9"]
[EventCountry "FRA"]
[SourceDate "2008.08.06"]

1. d4 Nf6 2. c4 g6 3. Nc3 d6 4. Nf3 Bf5 5. Nh4 Bd7 6. e4 Bg7 7. Nf3 Nh5 8. Be2
e5 9. g3 O-O 10. Bg5 f6 11. Be3 Nc6 12. d5 Ne7 13. Nd2 f5 14. exf5 Nxf5 15.
Bxh5 gxh5 16. Qxh5 Nd4 17. O-O Rf5 18. Qd1 Qf6 19. f4 Rf8 20. Nb3 Nxb3 21. axb3
a6 22. Qd2 exf4 23. Rxf4 Rxf4 24. Bxf4 Bh3 25. Rd1 Qf5 26. Qf2 Be5 27. Re1 Qg6
28. Kh1 Bxf4 29. gxf4 Rxf4 30. Qg3 Qxg3 31. hxg3 Rf1+ 32. Rxf1 Bxf1 33. Ne4 Bd3
34. Nd2 a5 35. Kg2 b5 36. Kf3 b4 37. Ke3 Bc2 38. Kd4 Kf7 39. c5 Bd1 40. cxd6
cxd6 41. Nc4 Bxb3 42. Nxa5 Ba2 43. Nc4 Ke7 44. Nd2 h5 45. b3 Kf6 46. Ne4+ Kf5
47. Nxd6+ Kg4 48. Kc4 Bb1 49. Ne8 1-0

[Event "103 ème open FIDE Club 608"]
[Site "Paris"]
[Date "2008.08.10"]
[Round "5.3"]
[White "Trommsdorf, Fro"]
[Black "Goldsztejn, Gildas"]
[Result "0-1"]
[WhiteElo "2125"]
[BlackElo "2374"]
[PlyCount "54"]
[EventDate "2008.08.06"]
[EventRounds "9"]
[EventCountry "FRA"]
[SourceDate "2008.08.06"]

1. d4 d5 2. Nf3 Nf6 3. c4 c6 4. Nc3 e6 5. Bg5 dxc4 6. e4 b5 7. e5 h6 8. Bh4 g5
9. Nxg5 hxg5 10. Bxg5 Nbd7 11. exf6 Bb7 12. g3 Qb6 13. Bg2 c5 14. d5 O-O-O 15.
O-O b4 16. Na4 Qa6 17. a3 Bxd5 18. Bxd5 Ne5 19. axb4 Rxd5 20. Qe2 cxb4 21. Be3
Ra5 22. Bc5 Qc6 23. Qxe5 Bxc5 24. Nxc5 Rxc5 25. Qe2 Rch5 26. f3 Qc5+ 27. Kh1
Rxh2+ 0-1

[Event "103 ème open FIDE Club 608"]
[Site "Paris"]
[Date "2008.08.10"]
[Round "5.4"]
[White "Piankov, Evgenij"]
[Black "Gouanelle, Franck"]
[Result "1/2-1/2"]
[WhiteElo "2337"]
[BlackElo "2120"]
[PlyCount "112"]
[EventDate "2008.08.06"]
[EventRounds "9"]
[EventCountry "FRA"]
[SourceDate "2008.08.06"]

1. d4 d5 2. Nf3 e6 3. c4 c6 4. e3 Nf6 5. Nc3 Nbd7 6. b3 Bd6 7. Bb2 O-O 8. Be2
b6 9. O-O Bb7 10. a4 Rc8 11. cxd5 exd5 12. Bd3 Re8 13. Ba3 Qe7 14. Bxd6 Qxd6
15. a5 Ne4 16. Qc2 c5 17. Nb5 Qb8 18. axb6 axb6 19. Na7 Rcd8 20. Rfd1 Re6 21.
Bf1 g5 22. h3 h5 23. Nh2 g4 24. hxg4 hxg4 25. Nxg4 f5 26. Nh2 Rh6 27. g3 Kf7
28. Bg2 Rdh8 29. Nf3 Qg8 30. b4 c4 31. Nb5 Qh7 32. Kf1 Ndf6 33. Nd6+ Ke6 34.
Nxe4 Nxe4 35. Qxe4+ dxe4 36. Ng5+ Kd5 37. Nxh7 R6xh7 38. Rdc1 Ra8 39. Rxa8 Bxa8
40. f3 Rd7 41. Rc3 Ra7 42. g4 Ra1+ 43. Kf2 Ra2+ 44. Kg1 Ra1+ 45. Kh2 Ra2 46.
fxe4+ fxe4 47. Kg3 Bc6 48. g5 Be8 49. Bh3 Bg6 50. b5 Rd2 51. Bd7 Rd3 52. Bc6+
Ke6 53. Rxc4 Rxe3+ 54. Kf2 Rf3+ 55. Kg2 Rf5 56. Bb7 Rxg5+ 1/2-1/2

[Event "103 ème open FIDE Club 608"]
[Site "Paris"]
[Date "2008.08.10"]
[Round "6.1"]
[White "Vallejo Pons, Francisco"]
[Black "Shirazi, Kamran G"]
[Result "1-0"]
[WhiteElo "2650"]
[BlackElo "2440"]
[PlyCount "113"]
[EventDate "2008.08.06"]
[EventRounds "9"]
[EventCountry "FRA"]
[SourceDate "2008.08.06"]

1. e4 c5 2. Nf3 Nf6 3. e5 Nd5 4. Nc3 Nb4 5. Ne4 b6 6. Bc4 f5 7. Ng3 e6 8. c3
Ba6 9. Bxa6 N4xa6 10. d4 cxd4 11. Nxd4 Be7 12. Qh5+ g6 13. Qf3 Nc6 14. Nxe6
dxe6 15. Qxc6+ Kf7 16. Be3 Qd3 17. Ne2 Nc5 18. Bxc5 bxc5 19. Qxe6+ Kxe6 20.
Nf4+ Kxe5 21. Nxd3+ Kf6 22. O-O-O c4 23. Nf4 Bc5 24. Nd5+ Kg5 25. Nc7 Rac8 26.
Ne6+ Kh6 27. Nxc5 Rxc5 28. Rhe1 Rc7 29. Rd5 Rb8 30. Ree5 Rbb7 31. Re2 Rc8 32.
Rde5 Rcc7 33. Kc2 Kg5 34. b4 cxb3+ 35. axb3 Kf6 36. Re6+ Kf7 37. c4 Rb8 38. Ra6
Rcb7 39. Re3 Rd8 40. g3 Kg7 41. Re2 Kh6 42. f4 Kh5 43. Rae6 Rdd7 44. h3 Kh6 45.
R2e5 Kg7 46. Rd5 Rdc7 47. Kc3 Kf7 48. Red6 Ke7 49. Ra6 Kf7 50. b4 Re7 51. Re5
Red7 52. Ra1 Rd8 53. Rea5 Ra8 54. c5 Rd7 55. c6 Rc7 56. b5 Kf6 57. h4 1-0

[Event "103 ème open FIDE Club 608"]
[Site "Paris"]
[Date "2008.08.11"]
[Round "6.2"]
[White "Camus de Solliers, Guillaume"]
[Black "Guliyev, Namig"]
[Result "1/2-1/2"]
[WhiteElo "2319"]
[BlackElo "2510"]
[PlyCount "71"]
[EventDate "2008.08.06"]
[EventRounds "9"]
[EventCountry "FRA"]
[SourceDate "2008.08.06"]

1. d4 d5 2. e3 Nf6 3. Bd3 Nbd7 4. f4 g6 5. Nf3 Bg7 6. O-O b6 7. Nbd2 Bb7 8. c3
O-O 9. Ne5 Ne4 10. a4 a6 11. Qb3 Nd6 12. a5 b5 13. Nxd7 Qxd7 14. Qc2 e6 15. Nb3
Bc6 16. Nc5 Qc8 17. Be2 Rd8 18. b3 Nb7 19. Nxb7 Bxb7 20. Ba3 Bf8 21. Bxf8 Rxf8
22. b4 Qd7 23. h4 f6 24. h5 gxh5 25. Rf3 Rae8 26. Rg3+ Kh8 27. Bxh5 Re7 28. Kf2
e5 29. Rh1 exf4 30. exf4 Qd6 31. Rh4 Bc8 32. Bg6 f5 33. Bh5 Bd7 34. Rgh3 Be6
35. Qd2 Rg8 36. Bf3 1/2-1/2

[Event "103 ème open FIDE Club 608"]
[Site "Paris"]
[Date "2008.08.11"]
[Round "6.3"]
[White "Fayard, Alain"]
[Black "Debray, Christopher"]
[Result "0-1"]
[WhiteElo "2276"]
[BlackElo "2378"]
[PlyCount "67"]
[EventDate "2008.08.06"]
[EventRounds "9"]
[EventCountry "FRA"]
[SourceDate "2008.08.06"]

1. d4 Nf6 2. c4 e6 3. Nc3 c5 4. d5 exd5 5. cxd5 d6 6. e4 g6 7. Qa4+ Nbd7 8. Be2
Bg7 9. Bf4 O-O 10. Nf3 Re8 11. O-O a6 12. Qc2 Qe7 13. Nd2 b5 14. Rfe1 Ne5 15.
h3 h6 16. a4 b4 17. Nd1 g5 18. Bg3 Ng6 19. Ne3 Nf4 20. Bxf4 gxf4 21. Nec4 a5
22. Bf3 Nd7 23. Bg4 Ne5 24. Bxc8 Nxc4 25. Nxc4 Rexc8 26. Nb6 Bd4 27. Qe2 Qg5
28. Rab1 c4 29. Nxa8 Rxa8 30. Qg4 Qxg4 31. hxg4 Re8 32. Red1 Rxe4 33. b3 cxb3
34. Rxb3 0-1

[Event "103 ème open FIDE Club 608"]
[Site "Paris"]
[Date "2008.08.11"]
[Round "6.4"]
[White "Goldsztejn, Gildas"]
[Black "Lavabre, Fabien"]
[Result "1-0"]
[WhiteElo "2374"]
[BlackElo "2235"]
[PlyCount "51"]
[EventDate "2008.08.06"]
[EventRounds "9"]
[EventCountry "FRA"]
[SourceDate "2008.08.06"]

1. Nf3 Nf6 2. c4 g6 3. Nc3 d5 4. cxd5 Nxd5 5. Qa4+ Bd7 6. Qh4 Nxc3 7. dxc3 Nc6
8. e4 e5 9. Qg3 Bg7 10. Bc4 Qe7 11. Be3 a6 12. b4 Be6 13. Bc5 Qf6 14. Be2 h5
15. h4 Bg4 16. Bc4 Bh6 17. Ng5 Nd8 18. O-O Ne6 19. Bxe6 Bxe6 20. f4 Bc4 21.
fxe5 Qc6 22. Rf6 Qa4 23. e6 O-O-O 24. Nxf7 Bg7 25. Rxg6 Rd3 26. Qg5 1-0

[Event "103 ème open FIDE Club 608"]
[Site "Paris"]
[Date "2008.08.11"]
[Round "7.1"]
[White "Goldsztejn, Gildas"]
[Black "Vallejo Pons, Francisco"]
[Result "1/2-1/2"]
[WhiteElo "2374"]
[BlackElo "2650"]
[PlyCount "95"]
[EventDate "2008.08.06"]
[EventRounds "9"]
[EventCountry "FRA"]
[SourceDate "2008.08.06"]

1. e4 c5 2. Nf3 d6 3. d4 cxd4 4. Nxd4 Nf6 5. Nc3 a6 6. Bg5 e6 7. f4 Qb6 8. Qd2
Nc6 9. O-O-O Qxd4 10. Qxd4 Nxd4 11. Rxd4 Rb8 12. Be2 b5 13. a3 Nd7 14. Rhd1 h6
15. Bh4 g5 16. fxg5 Be7 17. Kb1 hxg5 18. Bg3 Ne5 19. a4 bxa4 20. Rxa4 Rb6 21.
Na2 Nd7 22. Rb4 Rxb4 23. Nxb4 Bb7 24. Nxa6 Bxe4 25. Bb5 e5 26. Bxd7+ Kxd7 27.
Nc5+ Kc6 28. Nxe4 f5 29. Nd2 f4 30. Bf2 Rxh2 31. Rg1 Bf6 32. Ne4 Be7 33. c4 d5
34. cxd5+ Kxd5 35. Nc3+ Kc6 36. Kc2 g4 37. Kd3 g3 38. Ba7 Kb7 39. Nd5 Bd6 40.
Bb6 f3 41. gxf3 Kc6 42. Ke4 Rh4+ 43. f4 exf4 44. Rc1+ Kd7 45. Kf3 Rh2 46. b3
Rb2 47. Rc3 Rb1 48. Nxf4 1/2-1/2

[Event "103 ème open FIDE Club 608"]
[Site "Paris"]
[Date "2008.08.11"]
[Round "7.2"]
[White "Guliyev, Namig"]
[Black "Debray, Christopher"]
[Result "1/2-1/2"]
[WhiteElo "2510"]
[BlackElo "2378"]
[PlyCount "163"]
[EventDate "2008.08.06"]
[EventRounds "9"]
[EventCountry "FRA"]
[SourceDate "2008.08.06"]

1. e4 c5 2. Nf3 Nc6 3. d4 cxd4 4. Nxd4 Nf6 5. Nc3 e5 6. Ndb5 d6 7. Bg5 a6 8.
Na3 b5 9. Bxf6 gxf6 10. Nd5 Bg7 11. c3 f5 12. exf5 Bxf5 13. Nc2 O-O 14. Nce3
Bd7 15. a4 Ne7 16. axb5 Nxd5 17. Nxd5 axb5 18. Rxa8 Qxa8 19. Nb6 Qc6 20. Nxd7
Qxd7 21. Be2 Rb8 22. O-O d5 23. Qb3 d4 24. cxd4 exd4 25. Bd3 Qa7 26. Qc2 h6 27.
Re1 Qa5 28. Qe2 Qb4 29. g3 Kf8 30. Kg2 Qc5 31. Qf3 Re8 32. Rxe8+ Kxe8 33. Qa8+
Ke7 34. Qb7+ Ke6 35. Bxb5 Qd5+ 36. Qxd5+ Kxd5 37. b3 Ke4 38. Be8 f5 39. Bg6 d3
40. f3+ Ke5 41. Kf2 f4 42. Bxd3 Bf8 43. Kg2 Kf6 44. gxf4 Bd6 45. Kg3 Bc5 46.
Kg4 Be3 47. b4 Ke6 48. b5 Kf6 49. h3 Ke6 50. Kh5 Bxf4 51. b6 Kf6 52. b7 Kg7 53.
Kg4 Bc7 54. Kf5 Kf7 55. Bc4+ Ke7 56. Kg6 Bf4 57. Kg7 Kd7 58. Bd5 Ke7 59. Be4
Ke6 60. h4 Ke7 61. Bf5 Kd8 62. Kf7 Kc7 63. Bc8 Kd8 64. h5 Bg3 65. Be6 Kc7 66.
Bd5 Kd7 67. Be4 Bf4 68. Kf6 Bd6 69. Bf5+ Kc7 70. Bc8 Kd8 71. Kf7 Bg3 72. Ke6
Bb8 73. Bd7 Kc7 74. f4 Kxb7 75. f5 Kc7 76. f6 Kd8 77. Bb5 Ba7 78. Kf7 Bd4 79.
Kg6 Bc3 80. Bd3 Bd4 81. Bf1 Bc3 82. Bb5 1/2-1/2

[Event "103 ème open FIDE Club 608"]
[Site "Paris"]
[Date "2008.08.10"]
[Round "7.3"]
[White "Piankov, Evgenij"]
[Black "Camus de Solliers, Guillaume"]
[Result "0-1"]
[WhiteElo "2337"]
[BlackElo "2319"]
[PlyCount "136"]
[EventDate "2008.08.06"]
[EventRounds "9"]
[EventCountry "FRA"]
[SourceDate "2008.08.06"]

1. d4 e6 2. Nf3 c5 3. c3 Nf6 4. Bg5 cxd4 5. cxd4 Qb6 6. Qb3 Qxb3 7. axb3 Ne4 8.
Bf4 Bb4+ 9. Nfd2 Nc6 10. e3 d5 11. Bd3 Nxd2 12. Nxd2 Bd7 13. Ke2 Na5 14. Bc2
Bb5+ 15. Kd1 b6 16. Rc1 Rc8 17. Bb1 Rxc1+ 18. Kxc1 Ke7 19. Kd1 Rc8 20. e4 dxe4
21. Bxe4 Bxd2 22. Kxd2 Nxb3+ 23. Ke3 Bc6 24. Bb1 Rd8 25. Rd1 Bd5 26. f3 Rc8 27.
Bd3 Bc4 28. Bc2 Na5 29. Ra1 Bb5 30. Be4 Nc4+ 31. Kf2 a5 32. Bd3 Kd7 33. Rc1 h5
34. h4 Nd6 35. Rxc8 Kxc8 36. Bxd6 Bxd3 37. g4 Kd7 38. Bf8 g6 39. Ke3 Bc4 40.
gxh5 gxh5 41. Ba3 Kc6 42. Be7 Kb5 43. Bd8 Bd5 44. f4 Ka6 45. Kd3 b5 46. Kc2 b4
47. Kd3 Kb5 48. Bc7 Bc4+ 49. Kd2 a4 50. Bd6 Bf1 51. Bc5 Kc4 52. Be7 Kb3 53. d5
exd5 54. Bf6 Bg2 55. Be5 Be4 56. Bf6 Kc4 57. Ke3 Bf5 58. Bg7 Be4 59. Bf6 Kb3
60. Kd2 a3 61. bxa3 bxa3 62. Be5 Kc4 63. Ke3 Kc5 64. Bc3 a2 65. Ba1 Kd6 66. Bd4
Ke6 67. Ba1 Kf5 68. Bd4 Kg4 0-1

[Event "103 ème open FIDE Club 608"]
[Site "Paris"]
[Date "2008.08.11"]
[Round "7.5"]
[White "Shirazi, Kamran G"]
[Black "Thellier, Francis"]
[Result "1-0"]
[WhiteElo "2440"]
[BlackElo "2063"]
[PlyCount "53"]
[EventDate "2008.08.06"]
[EventRounds "9"]
[EventCountry "FRA"]
[SourceDate "2008.08.06"]

1. e4 d6 2. d4 Nf6 3. Nc3 g6 4. f4 Bg7 5. Nf3 O-O 6. Be3 c5 7. dxc5 Qa5 8. Nd2
Ng4 9. Bg1 dxc5 10. h3 Nh6 11. Qf3 Bd4 12. Nb3 Qb6 13. Nxd4 cxd4 14. O-O-O Nc6
15. Nd5 Qc5 16. g4 f6 17. Kb1 Be6 18. c3 Rac8 19. cxd4 Qa5 20. Nc3 Nxd4 21.
Bxd4 Rxc3 22. Bxc3 Qxa2+ 23. Kc1 Bb3 24. Bd3 Bxd1 25. Rxd1 g5 26. e5 fxe5 27.
Qe4 1-0

[Event "103 ème open FIDE Club 608"]
[Site "Paris"]
[Date "2008.08.11"]
[Round "8.1"]
[White "Camus de Solliers, Guillaume"]
[Black "Vallejo Pons, Francisco"]
[Result "0-1"]
[WhiteElo "2319"]
[BlackElo "2650"]
[PlyCount "52"]
[EventDate "2008.08.06"]
[EventRounds "9"]
[EventCountry "FRA"]
[SourceDate "2008.08.06"]

1. d4 Nf6 2. c4 b6 3. Nc3 Bb7 4. d5 e6 5. a3 Bd6 6. Nf3 exd5 7. cxd5 O-O 8. g3
c6 9. Bg2 Na6 10. Nd4 Be5 11. O-O Nxd5 12. Nxd5 cxd5 13. Nc2 Qf6 14. Rb1 Qe6
15. Be3 Nc5 16. Nb4 Ne4 17. Bd4 Bd6 18. Nc2 Rac8 19. Ne3 f5 20. f3 Nf6 21. Qd3
f4 22. Nf5 Ba6 23. Nxg7 Qxe2 24. Qf5 Qc2 25. Rfe1 Bc5 26. Bxc5 Qxc5+ 0-1